Atlético Madrid players since 2000 - Statistics

General Stats
  • This quiz has been taken 83 times
  • The average score is 87 of 267
Answer Stats
Ranking Player Positions Nationality Matches Goals Assists Periods % Correct
4 Antoine Griezmann CF 406 180 86 2014-2018, 2021-2025
98%
2 Jan Oblak GK 469 0 1 2014-2025
98%
1 Koke CM 615 45 110 2009-2025
98%
8 Diego Godín CB 354 23 11 2010-2019
97%
9 José María Giménez CB 322 10 10 2013-2025
94%
7 Fernando Torres ST 357 113 21 2000-2006, 2014-2018
92%
10 Juanfran Torres RB 313 4 40 2010-2019
92%
90 Óliver Torres CM 47 2 3 2012-2013, 2015-2016
92%
27 Arda Turan LW 159 20 29 2011-2015
91%
11 Filipe Luís LB 301 10 30 2010-2013, 2015-2019
91%
13 Stefan Savic CB 268 3 3 2015-2024
91%
16 Yannick Carrasco LW 244 42 39 2015-2017, 2019-2024
91%
25 Rodrigo De Paul CM 166 14 21 2021-2025
89%
5 Saúl Ñíguez CM 386 44 23 2011-2012, 2014-2024
89%
3 Ángel Correa RW 422 75 52 2015-2025
88%
23 Diego Forlán ST 170 86 25 2007-2011
88%
48 Fernando Correa ST 92 25 6 2000-2003
88%
50 Lucas Hernández LB 91 1 3 2014-2019
88%
17 Marcos Llorente RM 228 29 35 2019-2025
88%
28 Mario Suárez DM 159 5 4 2005-2006, 2010-2015
88%
21 Thomas Lemar AM 172 8 16 2018-2025
88%
241 Héctor Hernández ST 1 0 0 2014-2015
86%
168 Jean-François Hernandez CB 14 0 0 2000-2001
86%
92 Julián Alvarez ST 47 24 5 2024-2025
86%
66 Luis Suárez ST 80 33 6 2020-2022
86%
35 Thibaut Courtois GK 137 0 0 2011-2014
86%
22 Thomas Partey DM 171 14 9 2015-2021
86%
38 João Félix CF 123 32 16 2019-2023
85%
116 Armando Álvarez RB 35 0 0 2001-2003
83%
115 Diego Simeone CM 36 2 2 2003-2005
83%
97 Giuliano Simeone RW 43 3 8 2021-2022, 2024-2025
83%
62 Kieran Trippier RB 84 0 11 2019-2022
83%
6 Gabi CM 368 8 37 2003-2004, 2005-2006, 2011-2018
82%
60 Radamel Falcao ST 85 65 7 2011-2013
82%
19 Sergio Agüero ST 208 89 38 2006-2011
80%
47 Axel Witsel CB 102 2 2 2022-2025
77%
99 Rodri DM 42 3 1 2018-2019
77%
100 Conor Gallagher CM 41 4 4 2024-2025
74%
20 Diego Costa ST 191 69 33 2010-2011, 2012-2013, 2017-2021
74%
40 Nahuel Molina RB 117 7 11 2022-2025
74%
33 Álvaro Morata ST 142 54 12 2018-2019, 2022-2024
73%
211 Carlos Martín RW, LW 5 0 0 2021-2023
73%
59 Geoffrey Kondogbia DM 85 1 4 2020-2023
73%
215 Pedro Martín ST 4 0 0 2011-2013
73%
96 Alexander Sørloth ST 43 20 2 2024-2025
71%
30 Miranda CB 154 11 4 2011-2015
71%
12 Raúl García AM 275 35 19 2007-2010, 2012-2016
71%
159 Jackson Martínez ST 19 3 2 2015-2016
68%
106 Mario Mandžukić ST 38 17 5 2014-2015
68%
57 Sime Vrsaljko RB 87 1 8 2016-2017, 2019-2022
68%
52 Luis García RW 91 14 15 2002-2003, 2007-2009
67%
39 Adrián López ST 121 21 13 2011-2014
65%
67 Cristian Rodríguez LM 77 4 2 2012-2015
65%
15 Antonio López LB 249 13 11 2000-2001, 2004-2012
64%
235 Carlos Rodríguez RB 2 0 0 2000-2001
64%
72 David de Gea GK 71 0 0 2009-2011
64%
26 Mario Hermoso CB 160 9 6 2019-2024
64%
34 Maxi Rodríguez LW 140 36 19 2005-2010
64%
98 David Villa ST 43 13 5 2013-2014
62%
69 Héctor Herrera DM 73 1 4 2019-2022
62%
65 Samuel Lino LW 82 10 15 2023-2025
62%
18 Tiago Mendes CM 210 18 14 2009-2017
62%
141 Augusto Fernández CM 28 0 1 2015-2018
61%
238 Juanma López CB 1 0 0 2000-2001
61%
70 Kévin Gameiro ST 73 24 8 2016-2018
61%
53 Pablo Barrios CM 90 2 7 2022-2025
61%
49 Reinildo Mandava LB 91 2 1 2021-2025
61%
42 Renan Lodi LB 111 5 9 2019-2022
61%
119 Memphis Depay ST 34 10 1 2022-2024
59%
44 Felipe CB 106 4 1 2019-2023
58%
94 Santiago Arias RB 45 1 2 2018-2020
58%
134 Clément Lenglet CB 30 2 1 2024-2025
55%
228 Juan Musso GK 2 0 0 2024-2025
55%
41 Tomas Ujfalusi CB 113 0 6 2008-2011
52%
73 Rodrigo Riquelme LW 64 3 6 2019-2020, 2023-2025
50%
31 Simão LW 146 27 24 2007-2011
50%
164 Toby Alderweireld CB 16 1 0 2013-2014
50%
151 Raúl Jiménez ST 22 1 2 2014-2015
48%
129 Robin Le Normand CB 32 1 0 2024-2025
48%
36 José Antonio Reyes RW 127 9 24 2007-2008, 2009-2012
45%
112 Juan Gómez CB 36 0 0 2000-2001
45%
205 Manu Sánchez LB 6 0 1 2019-2021
45%
246 Ricard Sánchez RB 1 0 0 2020-2021
45%
242 Sergi González LB 1 0 0 2017-2018
45%
169 Sergio Sánchez GK 14 0 0 2000-2002
45%
110 Toni Jiménez GK 36 0 0 2000-2002
45%
82 Diego AM 59 8 15 2011-2012, 2013-2014
44%
107 Javi Galán LB 38 0 4 2023-2025
42%
147 Lucas Torreira DM 24 1 0 2020-2021
42%
104 Nico Gaitán AM 39 3 3 2016-2018
42%
55 Vitolo LW 89 5 6 2017-2021
42%
91 César Azpilicueta CB 47 1 2 2023-2025
41%
14 Luis Amaranto Perea CB 263 0 3 2004-2012
41%
156 Nikola Kalinić ST 20 2 0 2018-2019
41%
186 Gelson Martins RW 10 0 0 2018-2019
38%
86 Matheus Cunha CF 50 6 8 2021-2023
38%
95 Miguel Ángel Moyá GK 45 0 0 2014-2015, 2016-2018
38%
222 Toni Moya CM 3 0 0 2017-2020
38%
172 Ivo Grbic GK 13 0 0 2022-2023
35%
190 Alessio Cerci RW 9 1 0 2014-2015, 2016-2017
33%
254 Iván Romero LB 1 0 1 2003-2004
33%
182 Sergio Reguilón LB 11 0 0 2022-2023
33%
46 Álvaro Domínguez CB 103 6 2 2008-2012
32%
196 Çağlar Söyüncü CB 8 0 0 2023-2024
32%
108 Diego Alonso ST 38 22 1 2001-2002
32%
120 Sergio Asenjo GK 34 0 0 2009-2010, 2011-2013
32%
213 Arthur Vermeeren DM 5 0 0 2023-2024
30%
199 Thiago Motta DM 8 0 0 2007-2008
30%
232 Antonio Adán GK 2 0 0 2018-2020
29%
130 Johnny Heitinga CB 32 3 1 2008-2010
29%
226 Matt Doherty RB 2 0 0 2022-2023
29%
117 Guilherme Siqueira LB 35 1 2 2014-2016
27%
29 Leo Franco GK 159 0 0 2004-2009
27%
127 Luciano Vietto ST 32 2 4 2015-2016, 2017-2018
27%
37 Paulo Assunção DM 126 1 2 2008-2012
27%
239 Rubén Pérez DM 1 0 0 2009-2010
27%
261 Antonio Moreno RB 1 0 0 2005-2006
26%
137 Javi Moreno ST 29 5 2 2002-2004
26%
133 José Mari ST 31 6 3 2002-2003
26%
68 Maniche CM 76 8 5 2006-2009
26%
88 Martin Petrov LW 49 3 2 2005-2007
26%
163 Cata Díaz CB 16 0 0 2012-2013
24%
77 Eduardo Salvio RW 63 9 3 2009-2010, 2011-2012
23%
76 Georgios Seitaridis RB 64 0 2 2006-2009
23%
135 Mateja Kežman ST 30 8 0 2005-2006
23%
200 Moussa Dembélé ST 7 0 0 2020-2021
23%
258 Daniel Wass CM 1 0 0 2021-2022
21%
142 Éver Banega CM 27 1 0 2008-2009
21%
54 Mariano Pernía LB 89 1 8 2006-2010
21%
149 Costinha DM 24 0 0 2006-2007
20%
136 Christian Abbiati GK 29 0 0 2007-2008
18%
187 Cristian Ansaldi LB 10 0 2 2014-2015
18%
75 Germán Burgos GK 64 0 0 2001-2004
18%
131 Gonzalo de los Santos DM 32 3 0 2003-2004
18%
191 Matías Kranevitter DM 9 0 0 2015-2016
18%
24 Pablo Ibáñez CB 170 9 1 2004-2010
18%
183 Richard Núñez AM 11 2 0 2004-2005
18%
221 Axel Werner GK 3 0 0 2017-2018
17%
174 Emiliano Insúa LB 13 0 3 2012-2014
17%
257 Ilias Kostis CB 1 0 0 2023-2024
17%
121 Cosmin Contra RB 34 0 3 2002-2004
15%
175 Emre Belözoğlu CM 13 1 4 2012-2013
15%
89 Florent Sinama-Pongolle CF 48 5 4 2008-2010
15%
252 Germán Valera RW 1 0 0 2019-2020
15%
229 Ivan Saponjic ST 2 0 0 2019-2020
15%
43 José Manuel Jurado AM 108 11 9 2006-2007, 2009-2011
15%
155 José Sosa AM 20 0 6 2013-2014
15%
64 Juan Valera RB 82 3 4 2005-2007, 2009-2011
15%
170 Pizzi AM 14 1 0 2011-2012
15%
207 Gabriel Paulista CB 5 0 0 2023-2024
14%
197 Grégory Coupet GK 8 0 0 2008-2009
14%
139 Jesús Gámez RB 28 0 2 2014-2016
14%
260 Joshua Zapata CM 1 0 0 2007-2008
14%
154 Juanito CB 22 2 0 2009-2010
14%
143 Marcelo Sosa DM 27 0 0 2004-2005
14%
237 Daniel Aranzubia GK 2 0 0 2013-2014
12%
140 Demetrio Albertini DM 28 2 6 2002-2003
12%
160 Ibrahima Balde ST 18 3 0 2009-2010
12%
194 Léo Baptistão ST 8 1 1 2013-2014
12%
217 Víctor Mollejo RW 4 0 0 2018-2019
12%
124 Zé Castro CB 33 2 0 2006-2008
12%
253 Borja Garcés ST 1 1 0 2018-2019
11%
85 Cléber Santana CM 51 1 1 2007-2008, 2009-2010
11%
153 Demis Nikolaidis ST 22 6 6 2003-2004
11%
102 Ignacio Camacho DM 40 2 1 2007-2011
11%
179 Jesús Muñoz CM 12 0 1 2001-2002
11%
247 Joaquín Muñoz LW 1 0 0 2018-2019
11%
219 Joel Robles GK 3 0 0 2009-2011
11%
176 Juan Carlos FW 12 1 0 2000-2001
11%
56 Peter Luccin DM 89 2 2 2004-2007
11%
81 Salva Ballesta ST 61 28 5 2000-2001, 2004-2005
11%
166 Sílvio RB 16 0 0 2011-2013
11%
193 Toni Muñoz LB 8 0 0 2000-2001
11%
265 Adrián Niño ST 1 0 0 2024-2025
9%
212 Cani LW 5 0 1 2014-2015
9%
74 Dani LW 64 10 10 2000-2003
9%
148 Fran Mérida CM 24 1 3 2010-2012
9%
184 Javi Montero CB 11 0 0 2018-2019
9%
202 Javi Serrano CM 7 0 0 2021-2022, 2024-2025
9%
198 Jorge Pulido CB 8 0 0 2010-2011, 2012-2013
9%
32 Juan Carlos Aguilera RB 145 16 9 2000-2005
9%
101 Veljko Paunovic ST 41 6 3 2000-2001, 2003-2005
9%
266 Antonio Gomis GK 1 0 0 2022-2023
8%
61 Ariel Ibagaza AM 85 4 9 2003-2006
8%
192 Fernando Marqués RW 9 0 0 2005-2007
8%
78 Gonzalo Colsa DM 62 4 0 2001-2002, 2004-2006
8%
195 Iván Cuéllar GK 8 0 0 2004-2005, 2006-2007
8%
224 Josuha Guilavogui DM 3 0 0 2013-2014
8%
250 Julián Vara RB 1 0 0 2005-2006
8%
126 Kiko Narváez ST 32 0 1 2000-2001
8%
79 Luciano Galletti RW 62 5 1 2005-2007
8%
209 Manu del Moral ST 5 0 0 2005-2006
8%
210 Roberto GK 5 0 0 2005-2006, 2009-2010
8%
80 Santi Denia CB 61 2 0 2000-2005
8%
173 Sergio Aragoneses GK 13 0 0 2003-2004
8%
218 Sergio Camello ST 4 1 0 2018-2021
8%
263 Borja Bastón ST 1 0 0 2009-2010
6%
255 Dani Aquino CF 1 0 1 2012-2013
6%
201 Domingo Cisma LB 7 0 0 2012-2013
6%
167 Elias CM 15 2 0 2010-2011
6%
138 Émerson DM 29 2 2 2002-2003
6%
45 García Calvo CB 105 4 3 2001-2006
6%
208 Ismael Falcón GK 5 0 0 2005-2006
6%
188 Javier Manquillo RB 9 0 1 2012-2014
6%
259 Keko Gontán RW 1 0 0 2009-2010
6%
214 Leandro Cabrera CB 4 0 0 2009-2010
6%
103 Mista ST 39 4 1 2006-2008
6%
105 Nano LB 39 6 1 2003-2005
6%
204 Raúl Medina CM 6 0 0 2004-2005
6%
125 Roberto Fresnedoso CM 33 2 0 2000-2002
6%
234 Rubén Olivera CM 2 0 0 2003-2004
6%
267 Salim El Jebari LW 1 0 0 2023-2024
6%
233 Víctor Bravo AM 2 0 0 2006-2007
6%
220 Abdelkader Oueslati RM 3 0 0 2012-2013
5%
109 Álvaro Novo RM 37 1 1 2003-2005
5%
178 Carlos Llorens LB 12 0 0 2000-2001
5%
177 David Cubillo DM 12 1 0 2000-2001
5%
225 Diego Rivas CM 3 0 0 2003-2004
5%
113 Fabiano Eller CB 36 1 0 2006-2008
5%
146 Francisco Molinero RB 25 0 0 2004-2006
5%
114 Hugo Leal CM 36 4 0 2000-2001
5%
161 Iván Amaya CB 18 0 0 2000-2002
5%
216 Javier Arizmendi ST 4 0 0 2003-2004, 2005-2006
5%
245 Javier Del Pino AM 1 0 0 2001-2002
5%
162 Jesper Grønkjær LW 16 0 0 2004-2005
5%
189 Jordi Lardín LW 9 0 0 2000-2001
5%
63 Jorge Larena CM 83 4 2 2002-2005
5%
128 Jorge Otero RB 32 1 1 2001-2003
5%
158 José Ignacio Zahinos DM 19 1 0 2000-2001, 2005-2006
5%
87 José Luque LM 49 6 6 2000-2002
5%
84 Jovan Stankovic LM 52 1 12 2001-2003
5%
180 Juan Carlos Carcedo CM 11 0 0 2000-2001
5%
93 Juan Velasco CB 46 0 0 2004-2006
5%
123 Kiki Musampa LW 34 2 1 2003-2005
5%
132 Miguel de las Cuevas RW 31 0 1 2007-2009
5%
51 Mirsad Hibic CB 91 5 3 2000-2004
5%
243 Nacho Monsalve CB 1 0 0 2015-2016
5%
157 Oscar Mena RM 19 1 0 2000-2001
5%
230 Pablo Sicilia CB 2 0 0 2005-2006
5%
185 Raphael Wicky DM 11 0 0 2000-2001
5%
223 Rufino Segovia ST 3 0 0 2005-2007
5%
58 Sergi Barjuan LB 86 0 3 2002-2005
5%
83 Txomin Nagore CM 55 3 0 2001-2003
5%
145 Zoran Njegus RB 26 2 0 2000-2001
5%
264 Abde Raihani ST 1 0 0 2023-2024
3%
227 Alberto Noguera AM 2 0 0 2010-2011
3%
251 Andrés Solano RB 1 0 0 2018-2019
3%
244 Arona Sané RW 1 0 0 2017-2018
3%
181 Braulio Nóbrega ST 11 0 0 2004-2006
3%
231 Carlos Isaac RB 2 0 0 2017-2019
3%
152 Daniel Fagiani LB 22 0 0 2000-2001
3%
249 Darío Poveda ST 1 0 0 2019-2020
3%
150 Esteban GK 23 0 0 2002-2003
3%
144 Fabricio Coloccini CB 27 0 1 2002-2003
3%
118 Gaspar Gálvez CB 35 0 0 2000-2001, 2003-2004
3%
256 Jacobo Ynclán LW 1 0 0 2006-2007
3%
236 Javier Pinola LB 2 0 0 2003-2004
3%
262 Jorge Molino LW 1 0 0 2009-2010
3%
71 José María Movilla DM 73 2 2 2001-2004
3%
171 Juanma Barrero GK 14 0 0 2002-2004
3%
206 Juanma Ortiz RB 6 0 0 2001-2002, 2003-2004
3%
203 Lawal RM 6 0 0 2000-2001
3%
111 Lluís Carreras LB 36 2 0 2001-2003
3%
122 Matías Lequi CB 34 2 1 2003-2004
3%
248 Óscar Clemente AM 1 0 0 2019-2020
3%
165 Rodrigo Fabri AM 16 0 1 2003-2004
3%
240 Toché ST 1 0 0 2003-2004
3%
No matching quizzes found
Score Distribution
Percent of People with Each Score
Percentile by Number Answered
Your Score History
You have not taken this quiz